Stadt zu Landkreis - NRW - Statistiken

Allgemein
  • Dieses Quiz wurde 60 mal gespielt
  • Das Durchschnittsergebnis liegt bei 14 aus 20
Antwortstatistiken
Stadt Landkreis % Korrekt
Arnsberg Hochsauerlandkreis
85%
Iserlohn Märkischer Kreis
83%
Castrop-Rauxel Recklinghausen
83%
Porta Westfalica Minden-Lübbecke
79%
Witten Ennepe-Ruhr-Kreis
75%
Troisdorf Rhein-Sieg-Kreis
75%
Ratingen Mettmann
73%
Jülich Düren
69%
Gummersbach Oberbergischer Kreis
69%
Moers Wesel
69%
Rheda-Wiedenbrück Gütersloh
67%
Bocholt Borken
65%
Lippstadt Soest
65%
Lünen Unna
65%
Dülmen Coesfeld
63%
Hürth Rhein-Erft-Kreis
63%
Rheine Steinfurt
63%
Ahlen Warendorf
63%
Lemgo Lippe
60%
Grevenbroich Rhein-Kreis Neuss
60%
Keine übereinstimmenden Quizze gefunden
Verteilung der Resultate
Anzahl Personen mit jedem Resultat
Perzentil nach korrekt beantworteten Fragen
Ihre Resultats-Entwicklung
Sie haben dieses Quiz noch nicht gespielt